| 000 | 00653 a2200205 4500 | ||
|---|---|---|---|
| 010 | _aENG-90217 | ||
| 020 | _c150.00 | ||
| 035 | _aEN-73750 | ||
| 037 | _bDBAD / VEN | ||
| 082 | 1 | 4 | _a004.03 |
| 090 |
_c12859 _d12859 |
||
| 100 | 1 | _aSalome, J. Jacinth | |
| 245 | 1 |
_aDictionary of computer/ _cby J. Jacinth Salome |
|
| 260 |
_aChennai _bMannora Publications _c2005 |
||
| 260 |
_aChennai _bTechno Book House |
||
| 270 |
_a37, Bunder Street, IInd Floor, _bChennai _e600001 |
||
| 300 |
_a375p. _c21 cm ( Pbk.) |
||
| 942 |
_adpl _cEN _k 004.03 / SAL |
||
| 999 |
_c12494 _d12494 |
||